| Tag |
First Indicator |
Second Indicator |
Subfields |
| LEADER |
00000cam a2200000 4500 |
| 001 |
in00002784429 |
| 005 |
20151202172120.0 |
| 008 |
700423s1959 dcua b 000 0 eng |
| 010 |
|
|
|a 75605579
|
| 035 |
|
|
|a (OCoLC)ocm00068221
|
| 035 |
|
|
|a (OCoLC)68221
|
| 040 |
|
|
|a DLC
|c DLC
|d IAS
|d BTCTA
|d OCLCG
|d UtOrBLW
|
| 043 |
|
|
|a n-us---
|
| 049 |
|
|
|a TXAM
|
| 050 |
0 |
0 |
|a QE75
|b .P9 no. 314-G
|
| 082 |
0 |
0 |
|a 550/.8 s
|
| 086 |
0 |
|
|a I 19.16:314-G
|
| 100 |
1 |
|
|a Imlay, Ralph W.
|q (Ralph Willard),
|d 1908-1989.
|
| 245 |
1 |
0 |
|a Succession and speciation of the pelecypod Aucella /
|c by Ralph W. Imlay.
|
| 264 |
|
1 |
|a Washington :
|b U.S. Govt. Print. Off,
|c 1959.
|
| 300 |
|
|
|a iii, 155-169 pages, 10 unnumbered pages :
|b illustrations ;
|c 29 cm.
|
| 336 |
|
|
|a text
|b txt
|2 rdacontent
|
| 337 |
|
|
|a unmediated
|b n
|2 rdamedia
|
| 338 |
|
|
|a volume
|b nc
|2 rdacarrier
|
| 490 |
1 |
|
|a Shorter contributions to general geology
|
| 490 |
1 |
|
|a Geological Survey professional paper 314-G
|
| 504 |
|
|
|a Bibliography: page 167.
|
| 650 |
|
0 |
|a Buchia.
|
| 650 |
|
0 |
|a Paleontology
|y Cretaceous.
|
| 650 |
|
0 |
|a Paleontology
|y Jurassic.
|
| 650 |
|
0 |
|a Paleontology
|z United States.
|
| 830 |
|
0 |
|a Shorter contributions to general geology.
|
| 830 |
|
0 |
|a Geological Survey professional paper ;
|v 314-G.
|
| 948 |
|
|
|a cataloged
|b h
|c 2012/12/17
|d c
|e mvaldespin
|f 11:36:18 am
|
| 994 |
|
|
|a C0
|b TXA
|
| 999 |
|
|
|a MARS
|
| 999 |
f |
f |
|s 01258a95-a807-3752-a247-e3bd1246aea6
|i 19ae5892-8c7f-30bf-a2a1-6d94048c1646
|t 0
|
| 952 |
f |
f |
|p normal
|a Texas A&M University
|b College Station
|c Sterling C. Evans Library
|d Evans: US Documents (Annex 5th floor)
|t 0
|e I 19.16:312-314
|h Superintendent of Documents classification
|i unmediated -- volume
|m A14815239019
|
| 952 |
f |
f |
|a Texas A&M University
|b College Station
|c Sterling C. Evans Library
|d Evans: US Documents (Annex 5th floor)
|t 0
|e I 19.16:312-314
|h Superintendent of Documents classification
|
| 998 |
f |
f |
|a I 19.16:312-314
|t 0
|l Evans: US Documents (Annex 5th floor)
|